00526nam a2200157 a 450000500170000000800410001702000180005805000220007610000150009824500460011326000330015930000090019244000280020199900190022995201200024820140412111326.0110120s19uu xx 00 eng d a1-58634-057-3 aTR(PS EbB35 1999 aBerry, Joy aLet's talk about being good /cJoy berry. aArizona :bGold star,c1999. a32p. aSuperstar kids club too c104672d104672 001040aELbELcTRd2011-01-20eLib. Fundg198.00l0oTR(PS E B35 1999pE8438r2014-04-12 00:00:00w2014-04-12yBK